000 00335nam a2200145Ia 4500
008 230718s9999 xx 000 0 und d
041 _aEng.
082 _a307.76
_bPOY-W
100 _aPoya, Maryam
245 0 _awomen, work & Islamia-
260 _aPakistan
_boxford our press
_c1999
300 _a186
650 _aLaw
999 _c26128
_d26128